Which brawlers are real? - Statistics

General Stats
  • This quiz has been taken 18 times
  • The average score is 12 of 15
Answers on the Grid
Answers color-coded by a green-red scale on the quiz's grid according to % correct below.
Shelly
Geen
Bolt
Nita
Rita
Rosa
Cacky
Bell Limo
Barley
Poco
Tala
Rock
Tara
Jessie
Jacky
Belly
Melodie
Colt
Brock
Marley
El Primo
Bull
Melody
Lessie
Surgi
Nata
Surge
Gene
Null
Local
 
Answer Stats
Answer % Correct
Poco
92%
Shelly
92%
El Primo
85%
Jessie
85%
Rosa
85%
Surge
85%
Tara
85%
Barley
77%
Gene
77%
Nita
77%
Brock
69%
Bull
69%
Colt
69%
Jacky
62%
Melodie
62%
No matching quizzes found
Score Distribution
Percent of People with Each Score
Percentile by Number Answered
Your Score History
You have not taken this quiz